000 00524cam a22001935a 4500
001 L140337
008 070919n xxk eng u
035 _a(Sirsi) u140337
041 0 _aeng
245 0 0 _aParliament Square
_bproposed layout
_h[manuscript]
255 _aScale 1:1200
260 _aS.l.
_bs.n.
_cn.d
300 _a1 plan
_bblueline
_c37 x 29 cm.
351 _cSingle item
500 _aA plan showing a proposed layout of Parliament Square.
651 4 _aLondon
690 _aBUILT ENVIRONMENT
942 _n0
999 _c116309
_d116309